00000000nam##2200000za#4500
0019.609912
003CaOODSP
00520220111083350
007ta
008150406|1992||||xxc|||||     f|0| 0 eng|d
020 |a0-662-19808-5
022 |a1713-0638
040 |aCaOODSP|beng
043 |an-cn---
0861 |aNE22-1/1992-11E
1101 |aCanada. |bNational Energy Board.
24510|aTransCanada PipeLines Limited : |bBlackhorse Extension
260 |aCalgary - Alberta : |bNational Energy Board |cJune, 1992.
300 |a84p. : |bfigs., tables ; |c28 cm.
4901 |aReasons for decision|x1713-0638
500 |aErrata sheet inserted.
563 |aSoftcover
69007|aPetroleum industry|2gcpds
7760#|tReasons for decision in the matter of TransCanada PipeLines Limited |w(CaOODSP)9.572317
830#0|aReasons for decision (Canada. National Energy Board)|x1713-0638|w(CaOODSP)9.514808
986 |aGH-R-1-92